00560nam a2200181Ia 4500003000400000008004100004020001800045082001700063100001500080245009100095260004800186300001600234650003800250650003400288700002000322700001500342700002100357OSt170901s2012 xx 000 0 und d a9789381226162 a664.02bM93F aD. Mridula 0aFood Processing Technologies, Co-Product Utilization and Quality AssurancecD. Mridula aDelhibSatish Serial Publishing Housec2012 axiv., 631p. aChemical and Related Technologies aTechnology (Applied sciences) aManikantan, M.R aPatil, R.T aManikantan, M.R.